Statistics for Stations of Tsukuba Express, Tokyo, Japan

Click here to take the quiz!

General Stats

  • This quiz has been taken 33 times
  • The average score is 11 of 20

Answer Stats

Station No.Station% Correct
01Akihabara
100%
20Tsukuba
100%
05Kita Senju
95%
03Asakusa
86%
04Minami Senju
73%
15Moriya
73%
10Minami Nagareyama
68%
02Shin Okachimachi
64%
08Yashio
64%
19Kenkyu Gakuen
55%
09Misato Chuo
50%
16Miraidaira
45%
07Rokucho
45%
14Kashiwa Tanaka
41%
12Nagareyama Otakanomori
41%
06Aoi
36%
17Midorino
36%
13Kashiwanoha Campus
32%
11Nagareyama Central Park
23%
18Bampaku Kinenkoen
9%

Score Distribution

Percentile by Number Answered

Percent of People with Each Score

Your Score History

You have not taken this quiz